| 000 | 00802aaa a2200241 4500 | ||
|---|---|---|---|
| 001 | 14493 | ||
| 003 | HDC | ||
| 007 | cr bn ---aaaaa | ||
| 008 | 210215p2008 o 0o0 0 m eng | ||
| 040 | _aHDC | ||
| 245 | 4 | _aThe Environmental Impact of Livestock Production: Review of Research and Literature | |
| 260 |
_aLondon : _bDefra Publication , _c2008 |
||
| 300 | _a102 pages | ||
| 336 |
_atext _2rdacontent |
||
| 337 |
_acomputer _2rdamedia |
||
| 338 |
_aonline resource _2rdacarrier |
||
| 650 |
_aAgriculture _91238 |
||
| 650 |
_aLivestock production _95073 |
||
| 856 | _zRequest full-text at [email protected] | ||
| 942 | _2lcc | ||
| 942 | _cEBOOK | ||
| 942 | _kEBOK 000981 | ||
| 999 |
_c11809 _d11809 |
||